000
00285nam a22000977a 4500
008
160505b xxu||||| |||| 00| 0 eng d
041
_a
eng
080
_a
612.39
245
_a
Udhezime praktike per menaxhimin dhe parandalimin e shputes diabetike:
_c
Dr. Luan Golalnternist;
942
_2
udc
_c
BK
999
_c
1834
_d
1834